LEADER 01000nam0 22002531i 450 001 UON00487948 005 20231205105319.181 100 $a20180420d1981 |0itac50 ba 101 $aita 102 $aIT 105 $a|||| ||||| 200 1 $aˆL'‰Occhio universale$emodelli di sviluppo, programmi e pubblico delle televisioni del mondo$fSartori Carlo$gprefazione di Marshall McLuhan 210 $aMilano$cRizzoli$d1981 215 $aXIV, 297 p.$d25 cm. 316 $avalore stimato$5IT-UONSI AnglCNR/0219 620 $aIT$dMilano$3UONL000005 700 1$aSARTORI$bCarlo$3UONV239016$0143121 712 $aRizzoli$3UONV245928$4650 801 $aIT$bSOL$c20240220$gRICA 899 $aSIBA - SISTEMA BIBLIOTECARIO DI ATENEO$2UONSI 912 $aUON00487948 950 $aSIBA - SISTEMA BIBLIOTECARIO DI ATENEO$dSI Angl CNR 0219 $eSI LO 24709 7 0219 valore stimato 996 $aOcchio universale$9215126 997 $aUNIOR